Čokoládoví majstri
Nitrianska firma Lyra Chocolate založená ako rodinná firma. Prestížne ocenenie na medzinárodnej súťaži. Dovoz kakaa z Kolumbie. Sociálne angažovaná firma. Tri skupiny odberateľov. Bean-to bar alebo ako sa vyrába čokoláda. Nové projekty.
Saved in:
| Main Author: | |
|---|---|
| Format: | Book Chapter |
| Language: | Slovak |
| Subjects: | |
| Tags: |
No Tags, Be the first to tag this record!
|
MARC
| LEADER | 00000naa a2200000 4500 | ||
|---|---|---|---|
| 001 | 0214844 | ||
| 005 | 20231013091843.1 | ||
| 041 | 0 | |a slo | |
| 044 | |a SK | ||
| 245 | 1 | 0 | |a Čokoládoví majstri |c Martina Jurinová |
| 520 | |a Nitrianska firma Lyra Chocolate založená ako rodinná firma. Prestížne ocenenie na medzinárodnej súťaži. Dovoz kakaa z Kolumbie. Sociálne angažovaná firma. Tri skupiny odberateľov. Bean-to bar alebo ako sa vyrába čokoláda. Nové projekty. | ||
| 610 | 2 | 0 | |a podnikanie |
| 610 | 2 | 0 | |a podnikatelia |
| 610 | 2 | 0 | |a podnik rodinný |
| 610 | 2 | 0 | |a čokoláda |
| 610 | 2 | 0 | |a kakao |
| 610 | 2 | 0 | |a potravinárstvo |
| 610 | 2 | 0 | |a spolupráca medzinárodná |
| 100 | 1 | |a Jurinová, Martina | |